000
003220000a22001450004500
003
MACL
040
_a
MACL
090
_c
8909
_d
8908
100
_a
mishra, Dr Kailash Pati
245
_a
Aesthetic Philosophy of Abhinavagupta
260
_b
Kala Prakashan
_c
2006
350
_a
400
650
_a
Philosophy
942
_c
BOOK
_k
100
999
_c
8854
_d
8854